000 01073nam a2200229Ia 4500
003 Ost
005 20260507075146.0
008 260507s9999||||xx |||||||||||||| ||und||
040 _cfsecg
041 _aara
082 _a330
100 _aالشيخ، عماد يوسف
_eمؤلف
245 0 _aمحاسبة التكاليف /
_c عماد يوسف الشيخ
260 _aعمان:
_bإثراء للنشر والتوزيع,
_c2008
300 _a288 صفحة؛
_bإيضاحات ؛
_c25 سم
504 _aالمراجع ص.287
520 _aمفاهيم الكلفة وسلوكها- تكاليف المواد الأولية والأجور- التكاليف الصناعية غير المباشرة- نظام التكاليف المبني على الأنشطة- تكاليف المراحل الإنتاجية- تكاليف الإنتاج المشترك- تكاليف الأوامر الإنتاجية- تكاليف العقود
653 _aإدارة الإنتاج
653 _aالمحاسبة
653 _aمحاسبة التكاليف
942 _cكتاب
999 _c43321
_d43321